Normal view
MARC view
- History , Modern
Entry Topical Term
001 - CONTROL NUMBER
- control field: 5578
003 - CONTROL NUMBER IDENTIFIER
- control field: JO-AjAnu
005 - DATE AND TIME OF LATEST TRANSACTION
- control field: 20230606071215.0
008 - FIXED-LENGTH DATA ELEMENTS
- fixed length control field: 230606|| aca||aabn | a|a d
040 ## - CATALOGING SOURCE
- Original cataloging agency: JO-AjAnu
- Transcribing agency: JO-AjAnu
150 ## - HEADING--TOPICAL TERM
- Topical term or geographic name entry element: History , Modern
670 ## - SOURCE DATA FOUND
- Source citation: Work cat.: (JO-AjAnu)2884: Edited:Bromley,J.S, author 5577, The New Cambridge modern history volume vi the rise of great britain and russia